000 00594nam a2200229Ia 4500
008 101110s9999 xx 000 0 und d
041 _aENGLISH
082 _bSR34043
100 _aChakrabrti A.K.
245 _aCost & management accountancy
260 _c2009
_bNew Central Book Agency, Kolkata
300 _a1096
365 _b295
520 _aCommerce
520 _aUGC XIth Five Year Plan 2009-2010
546 _aENGLISH
630 _aCost & management accountancy
650 _aCommerce
655 _aCommerce
730 _aCost & management accountancy
942 _cBOOK
999 _c826544
_d826541